000 00696nam a22002297a 4500
003 UA-OsUOA
001 61141
007 ta
008 20090618b un ||||| |||| 00| 0 ukr d
090 _a340.12(075.8)
_bО-75
942 _cBK
040 _aUA-OsUOA
_bukr
_cUA-OsUOA
_dUA-OsUOA
245 _aОснови держави і права України
_bПідручник
300 _a583 с.
955 _a2
041 _aukr
080 _a340.12(075.8)
020 _a978-966-346-331-5
260 _aК.
_bЗнання
_c2008
650 7 _a340 Право в цілому. Пропедевтика. Методи та допоміжні правничі науки
_2UDC
999 _c346952
_d346952